00291nam a2200097Ia 4500008004100000041000800041100002900049245006500078260003100143999001900174241105s9999 xx 000 0 und d aeng aGaikwad Snehal R9182885 aInstitute For Hospitality And Hotel Management At Shrirampur bBNCA B-Arch ID, Punec2016 c361178d361178